Livable cities for the 21st century / (Record no. 542471)
[ view plain ]
| 000 -LEADER | |
|---|---|
| fixed length control field | 00870cam a2200181 a 4500 |
| 020 ## - INTERNATIONAL STANDARD BOOK NUMBER | |
| International Standard Book Number | 0821338129 |
| 082 ## - DEWEY DECIMAL CLASSIFICATION NUMBER | |
| Classification number | 307.12 |
| Author Mark | LIV |
| -- | D |
| 245 00 - TITLE STATEMENT | |
| Title | Livable cities for the 21st century / |
| Statement of responsibility, etc. | World Bank. |
| 260 ## - PUBLICATION, DISTRIBUTION, ETC. | |
| Place of publication, distribution, etc. | Washington, D.C. : |
| Name of publisher, distributor, etc. | World Bank, |
| Date of publication, distribution, etc. | c1996. |
| 300 ## - PHYSICAL DESCRIPTION | |
| Extent | v, 47 p. : |
| Other physical details | col. ill. ; |
| Dimensions | 23 cm. |
| 490 1# - SERIES STATEMENT | |
| Series statement | Directions in development |
| 520 ## - SUMMARY, ETC. | |
| Summary, etc. | "As one of the World Bank's contributions to the Habitat II process in Istanbul, this publication first tells the story of nearly a quarter century of the Bank's program of urban assistance for developing countries. It then turns to the future to draw attention to priorities for action"--P. 1. |
| 526 ## - STUDY PROGRAM INFORMATION NOTE | |
| Program name | 0 |
| Interest level | 0 |
| Reading level | 0 |
| Title point value | 307_120000000000000_LIV |
| 650 #0 - SUBJECT ADDED ENTRY--TOPICAL TERM | |
| Topical term or geographic name entry element | City planning |
| Geographic subdivision | Developing countries. |
| 9 (RLIN) | 937 |
| 650 #0 - SUBJECT ADDED ENTRY--TOPICAL TERM | |
| Topical term or geographic name entry element | Economic assistance |
| Geographic subdivision | Developing countries. |
| 9 (RLIN) | 37650 |
| 710 2# - ADDED ENTRY--CORPORATE NAME | |
| Corporate name or jurisdiction name as entry element | World Bank. |
| 9 (RLIN) | 4999 |
| 942 ## - ADDED ENTRY ELEMENTS (KOHA) | |
| Source of classification or shelving scheme | |
| Koha item type | Book |
| Withdrawn status | Lost status | Source of classification or shelving scheme | Damaged status | Not for loan | Permanent Location | Current Location | Date acquired | Total Checkouts | Full call number | Barcode | Date last seen | Price effective from | Koha item type |
|---|---|---|---|---|---|---|---|---|---|---|---|---|---|
| Military College of Engineering (MCE) | Military College of Engineering (MCE) | 12/23/2013 | 307.12 LIV | MCE-43177A | 12/23/2013 | 03/14/2021 | Book |
